QUEST Central Library Banner

A Textbook of building Construction (Record no. 14003)

MARC details
000 -LEADER
fixed length control field 00222nam a22001097a 4500
082 ## - DEWEY DECIMAL CLASSIFICATION NUMBER
Classification number 691ARO
100 ## - MAIN ENTRY--AUTHOR NAME
Personal name Arora
245 ## - TITLE STATEMENT
Title A Textbook of building Construction
260 ## - PUBLICATION, DISTRIBUTION, ETC. (IMPRINT)
Place of publication India
Year of publication 1986
300 ## - PHYSICAL DESCRIPTION
Number of Pages 431
942 ## - ADDED ENTRY ELEMENTS (KOHA)
Koha item type Books
Holdings
Withdrawn status Lost status Home library Current library Date acquired Cost, normal purchase price Full call number Accession Number Koha item type
  Lost and Paid For Central Library, QUEST, Nawabshah Central Library, QUEST, Nawabshah 09/09/2015 22.00 691ARO 11665 Books
    Central Library, QUEST, Nawabshah Central Library, QUEST, Nawabshah 09/09/2015 22.00 691ARO 11666 Books
    Central Library, QUEST, Nawabshah Central Library, QUEST, Nawabshah 09/09/2015 22.00 691ARO 11667 Books
    Central Library, QUEST, Nawabshah Central Library, QUEST, Nawabshah 09/09/2015 22.00 691ARO 11668 Books
    Central Library, QUEST, Nawabshah Central Library, QUEST, Nawabshah 09/09/2015 22.00 691ARO 11669 Books

Copyright © 2018,The QUEST, Nawabshah, Shaheed Benazirabad. All rights reserved
Mr. G. Farooq Channar (Librarian) QUEST, Nawabshah, Sindh, Pakistan 67480.
 Ph#: |   0244-9370381-4 Ext. 2308   Email| lib@quest.edu.pk   Web|  http://www.quest.edu.pk